Univalent functions and Teichmüller spaces /

Guardado en:
Autor Principal: Lehto, Olli.
Formato: Libro
Idioma:English
Publicado: New York : Springer-Verlag, c1987.
Series:Graduate texts in mathematics ; 109
Materias:
Etiquetas: Agregar Etiqueta
Sin Etiquetas, Sea el primero en etiquetar este registro!
LEADER 00758pam a2200241 a 4500
001 MAT.inmabb004227
008 860227s1987####nyua#####b####001#0#eng##
005 20160323161424.0
245 1 0 |a Univalent functions and Teichmüller spaces /  |c Olli Lehto. 
260 |a New York :  |b Springer-Verlag,  |c c1987. 
300 |a xii, 257 p. :  |b il. ;  |c 25 cm. 
440 0 |a Graduate texts in mathematics ;  |v 109 
504 |a Bibliografía: p. [248]-252. 
510 4 |a MR,  |c 88f:30073 
020 |a 0387963103 
100 1 |a Lehto, Olli. 
650 0 |a Univalent functions. 
650 0 |a Teichmüller spaces. 
650 0 |a Riemann surfaces. 
084 |a 30F20 (30Cxx 32G15)  |2 msc2000 
010 |a  86004008  
040 |a DLC  |c DLC  |d DLC 
859 |h 30  |i L524u  |p A-6396  |b BIB. MATEMATICA